000
00328nam a22001457a 4500
003
SGT
020
_a
978-81-312-3513-3
082
_a
616.74
_b
D14H
100
_a
HISLOP, HELEN J.
245
_a
DANIELS & WORTHINGHAM'S MUSCLE TESTING
250
_a
4TH
260
_a
INDIA
_b
JAYPEE
_c
2014
300
_a
514
942
_2
ddc
_c
BK
_0
60
999
_c
12072
_d
12072